| 000 | 00443nam a2200157 i 4500 | ||
|---|---|---|---|
| 001 | 80391 | ||
| 003 | ES-MaACL | ||
| 005 | 20230906174215.0 | ||
| 007 | t| | ||
| 008 | 041027s1918 fr ||||1| fre d | ||
| 100 | 1 |
_aHodnig, Armand. _963906 |
|
| 245 | 1 | 0 |
_aFiume _b: ville italienne et son rĂ´le antigermanique / _cArmand Hodnig. |
| 260 |
_aParis : _bGeorges Cres et Cie, _c1918. |
||
| 300 |
_a95 p. ; _c21 cm. |
||
| 852 |
_aES-MaACL _j1551-F-16 |
||
| 999 |
_c80391 _d80391 |
||